|
|
|
|
| LEADER |
00000nam0a2200000 4500 |
| 001 |
159859 |
| 005 |
20231101222138.0 |
| 035 |
|
|
|a (RuTPU)RU\TPU\book\173375
|
| 090 |
|
|
|a 159859
|
| 100 |
|
|
|a 20090515d m y0rusy50 ca
|
| 101 |
0 |
|
|a rus
|
| 102 |
|
|
|a RU
|
| 105 |
|
|
|a a z 001zd
|
| 200 |
1 |
|
|a История физики
|d Опыт изучения логики открытий в их истории
|f Н. А. Любимов
|
| 210 |
|
|
|a СПб.
|d 1892-
|
| 700 |
|
1 |
|a Любимов
|b Н. А.
|c российский физик и публицист, историк физики
|c профессор Московского университета
|f 1830-1897
|g Николай Алексеевич
|2 stltpush
|3 (RuTPU)RU\TPU\pers\17127
|9 6266
|
| 801 |
|
1 |
|a RU
|b 63413507
|c 20090515
|g PSBO
|
| 801 |
|
2 |
|a RU
|b 63413507
|c 20090515
|g PSBO
|
| 942 |
|
|
|c BK
|